000 00525nam a2200181Ia 4500
003 OSt
005 20230519052702.0
008 210423s1998 xx 000 0 und d
040 _cAL
041 _aeng
082 _a300
_223
_bLYNS
100 _aLYNTON (Rolf P).
_9109207
245 _aSocial science in actual practice themes on my blue guitar.
260 _aNew Delhi
_bSage Publications
_c1998
365 _b395
_cINR
906 _aactual ; blue ; guitar ; my ; practice ; science ; Social ; themes
942 _2ddc
_cBK
999 _c172492
_d172492